Water : (Record no. 8380)

MARC details
000 -LEADER
fixed length control field 01547cam a22004094a 4500
001 - CONTROL NUMBER
control field 8380
003 - CONTROL NUMBER IDENTIFIER
control field FISKH
005 - DATE AND TIME OF LATEST TRANSACTION
control field 20250910111518.0
008 - FIXED-LENGTH DATA ELEMENTS--GENERAL INFORMATION
fixed length control field 020411s2003 mnua b b 001 0 eng
010 ## - LIBRARY OF CONGRESS CONTROL NUMBER
LC control number 2002005734
020 ## - INTERNATIONAL STANDARD BOOK NUMBER
International Standard Book Number 1404800174
Qualifying information library binding : alk. paper
020 ## - INTERNATIONAL STANDARD BOOK NUMBER
International Standard Book Number 9781404800175
Qualifying information (library binding : alk. paper)
020 ## - INTERNATIONAL STANDARD BOOK NUMBER
International Standard Book Number 9781404803367
040 ## - CATALOGING SOURCE
Original cataloging agency DLC
Transcribing agency DLC
Modifying agency DLC
-- DLC
Language of cataloging eng
050 00 - LIBRARY OF CONGRESS CALL NUMBER
Classification number GB662.3
Item number .R67 2003
082 00 - DEWEY DECIMAL CLASSIFICATION NUMBER
Classification number 551.48
Edition number 21
100 1# - MAIN ENTRY--PERSONAL NAME
Personal name Rosinsky, Natalie M.
Fuller form of name (Natalie Myra)
245 10 - TITLE STATEMENT
Title Water :
Remainder of title up, down, and all around /
Statement of responsibility, etc. written by Natalie M. Rosinsky ; illustrated by Matthew John.
260 ## - PUBLICATION, DISTRIBUTION, ETC.
Place of publication, distribution, etc. Minneapolis, Minn. :
Name of publisher, distributor, etc. Picture Window Books,
Date of publication, distribution, etc. 2003.
300 ## - PHYSICAL DESCRIPTION
Extent 24 pages :
Other physical details color illustrations ;
Dimensions 26 cm
336 ## - CONTENT TYPE
Content type term text
Content type code txt
Source rdacontent
337 ## - MEDIA TYPE
Media type term unmediated
Media type code n
Source rdamedia
338 ## - CARRIER TYPE
Carrier type term volume
Carrier type code nc
Source rdacarrier
440 #0 - SERIES STATEMENT/ADDED ENTRY--TITLE
Title Amazing science (Picture Window Books (Firm))
504 ## - BIBLIOGRAPHY, ETC. NOTE
Bibliography, etc. note Includes bibliographical references and index.
505 ## - FORMATTED CONTENTS NOTE
Formatted contents note K<br/>
520 ## - SUMMARY, ETC.
Summary, etc. Describes the water cycle and the importance of water, explaining evaporation and condensation, dew and frost, and the three states of water.
521 8# - TARGET AUDIENCE NOTE
Target audience note 510<br/>
Source Lexile estimate<br/>
521 8# - TARGET AUDIENCE NOTE
Target audience note K<br/>
Source Raz-Plus<br/>
650 #0 - SUBJECT ADDED ENTRY--TOPICAL TERM
Topical term or geographic name entry element Water
Form subdivision Juvenile literature.
650 #1 - SUBJECT ADDED ENTRY--TOPICAL TERM
Topical term or geographic name entry element Water.
655 #7 - INDEX TERM--GENRE/FORM
Genre/form data or focus term Literature.
Source of term lcgft
Authority record control number or standard number https://id.loc.gov/authorities/genreForms/gf2014026415
700 1# - ADDED ENTRY--PERSONAL NAME
Personal name John, Matthew,
Relator term illustrator
906 ## - LOCAL DATA ELEMENT F, LDF (RLIN)
a 7
b cbc
c orignew
d 1
e ecip
f 20
g y-gencatlg
942 ## - ADDED ENTRY ELEMENTS (KOHA)
Source of classification or shelving scheme Dewey Decimal Classification
Koha item type Books
Suppress in OPAC No
Holdings
Withdrawn status Lost status Source of classification or shelving scheme Damaged status Not for loan Collection Home library Current library Shelving location Date acquired Total Checkouts Full call number Barcode Date last seen Copy number Price effective from Koha item type
    Dewey Decimal Classification     Non-Fiction Footprints International School Library Network Toul Tom Poung Campus Footprints International School Library Network Toul Tom Poung Campus TTP Primary Yellow Bookshelves 09/10/2025   ROS 551.48 GB662 .R67 FISTK02014 09/10/2025 1 09/10/2025 Books